00249nam a2200109Ia 4500100001800000654002900018245002700047260003000074082001500104300000800119546001200127 aPenfold J.W.  aMicrosoft visual basic aMicrosoft Visual basic bGalgotiaaNew Delhic1995 a005.13 'B' a577 aENGLISH